00733nam a2200241 a 4500001001300000003000900013005001700022008004100039020001000080082001600090100002200106245006300128260005300191300000900244500003500253505001000288650002500298700002200323902000800345942000700353952011600360999001500476nice12345678IN_TiNIC20260116011546.0050524s0000 lona grp 000 0 eng  ac10000a937.06bHOL aHolland, Philemon aBroadway Translation Suetoniusb History of Twelve Caesars aLondon-New YorkbGeorge Routledge and Sonsc0000 a512p aincludes index and biblioraphy2 aIndex aRoman Empire-History1 aHolland, Philemon bSRS cBK 001040708StackRoom-aHMIbHMId2007-04-02g100.00l0o937.06 HOLp00539r2007-04-02v100.00w2005-05-24yBK c2606d2606